01153naa#a2200193#i#4500001001500000005001700015100004100032102000700073200030200080210016900382215001000551608006000561675017600621700003400797700003000831700005200861700002800913856001800941RU\\bibl\2028220260701175124.3##a20260630b2026####ek#y0rusy0150####ca##aRU1#aИССЛЕДОВАНИЕ СОВРЕМЕННЫХ АНАЛОГОВ ДЛЯ РАЗРАБОТКИ ИНФОРМАЦИОННОЙ СИСТЕМЫ УПРАВЛЕНИЯ ДОКУМЕНТООБОРОТОМ ПРЕДПРИЯТИЯ «АВТОБАЗА ПОЧТЫ»eСтатья/тезисы конференции1#aВоронежcВоронежский государственный лесотехнический университет имени Г.Ф. Морозоваd2026##a8 с.##aСтатья/тезисы конференции2local##aИнформационные технологии. Компьютерные технологии. Теория вычислительных машин и систем. 004#1aСпиридоновgМ. С.#1aСазоноваgС. А.#1aАсмининgВиктор Федорович#1aГорюновgВ. А.4#abibl.vgltu.ru